000 00398nam a2200133 4500
999 _c7387
_d7387
020 _a0582237270
050 _aPE1112 .B47
100 _aBiber, Douglas
245 _aLongman student grammar of spoken and written English.
_cby Douglas Biber, Susan Conrad and Geoffrey Leech
260 _aHarlow
_bPearson Education Ltd.
_c2002
300 _a487p.
650 _aEnglish language--Grammar.
942 _cBK